DENTAL ANATOMY AND ORAL HISTOLOGY (Record no. 2681)

MARC details
000 -LEADER
fixed length control field 00369nam a2200145Ia 4500
008 - FIXED-LENGTH DATA ELEMENTS--GENERAL INFORMATION
fixed length control field 150201s2001 xx 000 0 und d
082 ## - DEWEY DECIMAL CLASSIFICATION NUMBER
Classification number 617
Item number D2001D
100 ## - MAIN ENTRY--PERSONAL NAME
Personal name DAS,ARUP.K.
245 ## - TITLE STATEMENT
Title DENTAL ANATOMY AND ORAL HISTOLOGY
250 ## - EDITION STATEMENT
Edition statement 1ST
260 ## - PUBLICATION, DISTRIBUTION, ETC. (IMPRINT)
Name of publisher, distributor, etc. CURRENT BOOKS INTERNATIONAL
Place of publication, distribution, etc. CALCUTTA
Date of publication, distribution, etc. 2001
300 ## - PHYSICAL DESCRIPTION
Extent 1-240
650 ## - SUBJECT ADDED ENTRY--TOPICAL TERM
Topical term or geographic name as entry element DENTAL ANATOMY
942 ## - ADDED ENTRY ELEMENTS (KOHA)
Source of classification or shelving scheme Dewey Decimal Classification
Koha item type Books
Holdings
Withdrawn status Lost status Source of classification or shelving scheme Damaged status Not for loan Home library Current library Date acquired Source of acquisition Cost, normal purchase price Serial Enumeration / chronology SGTU Bill Number Total Checkouts Full call number Barcode Date last seen Bill Date Koha item type
    Dewey Decimal Classification     SGT Dental Library SGT Dental Library 13/07/2003 U.B.S.DELHI 100.00 1 SGTU 279   617 D2001D FD972 09/02/2015 09/02/2012 Books
    Dewey Decimal Classification     SGT Dental Library SGT Dental Library 13/07/2003 U.B.S.DELHI 100.00   SGTU 279   617 D2001D FD974 09/02/2015 09/02/2012 Books
weeded-out   Dewey Decimal Classification     SGT Dental Library SGT Dental Library 13/07/2003 U.B.S.DELHI 100.00   SGTU 279   617 D2001D FD975 09/02/2015 09/02/2012 Books
    Dewey Decimal Classification     SGT Dental Library SGT Dental Library 13/07/2003 U.B.S.DELHI 100.00   SGTU 279   617 D2001D FD976 09/02/2015 09/02/2012 Books
    Dewey Decimal Classification     SGT Dental Library SGT Dental Library 13/07/2003 U.B.S.DELHI 100.00   SGTU 279   617 D2001D FD977 09/02/2015 09/02/2012 Books
    Dewey Decimal Classification     SGT Dental Library SGT Dental Library 13/07/2003 U.B.S.DELHI 100.00   SGTU 279   617 D2001D FD978 09/02/2015 09/02/2012 Books
    Dewey Decimal Classification     SGT Dental Library SGT Dental Library 13/07/2003 U.B.S.DELHI 100.00   SGTU 279   617 D2001D FD979 09/02/2015 09/02/2012 Books
weeded-out   Dewey Decimal Classification     SGT Dental Library SGT Dental Library 13/07/2003 U.B.S.DELHI 100.00   SGTU 279   617 D2001D FD980 09/02/2015 09/02/2012 Books
    Dewey Decimal Classification     SGT Dental Library SGT Dental Library 13/07/2003 U.B.S.DELHI 100.00   SGTU 279   617 D2001D FD981 09/02/2015 09/02/2012 Books